| 000 | 01461nam a2200361 a 4500 | ||
|---|---|---|---|
| 001 | ebr10442198 | ||
| 003 | CaPaEBR | ||
| 006 | m u | ||
| 007 | cr cn||||||||| | ||
| 008 | 991115s2000 waua sb s000 0deng d | ||
| 010 | _z 99058498 | ||
| 020 | _z9780295979496 | ||
| 020 | _z0205979491 (alk. paper) | ||
| 020 | _z9780295800103 (e-book) | ||
| 040 |
_aCaPaEBR _cCaPaEBR |
||
| 035 | _a(OCoLC)701103542 | ||
| 043 |
_aa-vt--- _an-us--- |
||
| 050 | 1 | 4 |
_aDS559.8.C63 _bM37 2000eb |
| 082 | 0 | 4 |
_a959.704/3373 _221 |
| 100 | 1 | _aMarshall, John Douglas. | |
| 245 | 1 | 0 |
_aReconciliation road _h[electronic resource] : _ba family odyssey / _cJohn Douglas Marshall. |
| 250 | _a1st University of Washington Press ed. | ||
| 260 |
_aSeattle, Wash. : _bUniversity of Washington Press, _c2000. |
||
| 300 |
_axiii, 300 p. : _bill. |
||
| 504 | _aIncludes bibliographical references (p. 297-300). | ||
| 533 |
_aElectronic reproduction. _bPalo Alto, Calif. : _cebrary, _d2013. _nAvailable via World Wide Web. _nAccess may be limited to ebrary affiliated libraries. |
||
| 600 | 1 | 0 | _aMarshall, John Douglas. |
| 650 | 0 |
_aVietnam War, 1961-1975 _xConscientious objectors _zUnited States. |
|
| 650 | 0 |
_aVietnam War, 1961-1975 _vPersonal narratives, American. |
|
| 655 | 7 |
_aElectronic books. _2local |
|
| 710 | 2 | _aebrary, Inc. | |
| 856 | 4 | 0 |
_uhttp://site.ebrary.com/lib/rucke/Doc?id=10442198 _zAn electronic book accessible through the World Wide Web; click to view |
| 999 |
_c135533 _d135533 |
||